000 00660nam a2200217Ia 4500
008 191130s2009##################000#0#eng##
020 _a9780749459611
022 _a2008049603
040 _aACL
_cACL
082 _a659.202854678 BRO
100 _aBrown, Rob
245 _aPublic relations and the social web : using social media and Web 2.0 in communications
_cRob Brown
260 _aLondon
_bKogan Page
_c2009
300 _ax, 182 p. ; 25 cm
500 _aIncludes index
650 _aInternet in public relations
650 _aPublic relations
990 _a2858cc23ac10000c375200dc6876512f
991 _a81190
999 _c47250
_d47250